| 000 | naa a22 a 4500 | ||
|---|---|---|---|
| 999 |
_c322756 _d322756 |
||
| 003 | BLK | ||
| 005 | 20221007163358.0 | ||
| 008 | 180911b bul||||| |||| 00| 0 bul d | ||
| 020 | _a978-954-2924-21-0 | ||
| 040 | _aBLK | ||
| 041 |
_aBUL _cBUL |
||
| 080 |
_aБългарска литература _b821.163.2 _x-1 _z821.163.2-1 |
||
| 100 |
_aКонстантинов, Георги _9390035 |
||
| 139 |
_aКонстантинов, Георги _bК 82 |
||
| 245 |
_aНеделен човек _bНови стихове _cГеорги Константинов |
||
| 260 |
_bПламък _c2017 _9214013 _aСофия _n978-954-8046- |
||
| 300 |
_a132 с. _c18 см |
||
| 380 | _aX | ||
| 500 | _aБиблиография на Георги Константинов: с. 126-128 | ||
| 852 | _aЦб І 37494 | ||
| 942 |
_cKNG _2udc _n0 _01 |
||
| 999 | _d322756 | ||
| 999 | _d322756 | ||